| 000 | 01193nam a2200289 c 4500 | ||
|---|---|---|---|
| 003 | BLK | ||
| 005 | 20180421001238.0 | ||
| 008 | 180411b bul|||||r ||||||| ||bul|| | ||
| 010 | _aKNG00208129000 | ||
| 020 |
_a978-619-204- ; 978-954-443- ; 954-90895- _bиздат.: Бълг. писател |
||
| 040 | _aBLK | ||
| 041 |
_aBUL _cBUL |
||
| 080 |
_aБългарска литература _b821.163.2 _x-31 _z821.163.2-31 |
||
| 100 | 1 |
_aПантелеева, Нина Димитрова _eпърви автор _9290348 |
|
| 139 |
_aПантелеева, Нина Димитрова _bП 19 |
||
| 245 | 1 | 0 |
_aБреза 51 _bРоман _cНина Димитрова Пантелеева. |
| 257 | _aBGR | ||
| 260 |
_аСофия _bБълг. писател _c1990 _fВ. Търново : Д. Найденов |
||
| 300 |
_a126 с. _c20 см |
||
| 380 | _aX | ||
| 500 | _aИстинското име на авт. е Екатерина Димитрова Пантелеева. - 18 112 тир. | ||
| 852 | _aЦб 162278 | ||
| 856 | 4 |
_qpdf _u |
|
| 856 | 4 |
_qpdf _u |
|
| 942 |
_cKNG _n0 |
||
| 944 |
_aCR _c16.06.2017 _kРадостина_Карадакова |
||
| 944 |
_aED _c16.06.2017 _kРадостина_Карадакова |
||
| 999 |
_c198779 _d198779 |
||